Т. 4: Редкие металлы; Основы металлургии

Manylion Llyfryddiaeth
Parent link:Основы металлургии: в 4 т./ ред. коллегия Ю. А. Быховский и др.. Т. 4: Редкие металлы.— , 1961-1975
Awduron Eraill: Грейвер Н. С. (редактор), Сажин Н. П., Стригин И. А.
Crynodeb:В монографии изложены теория и практика производства всех элементов периодической системы, за исключением газов и галоидов. Настоящий четвертый том посвящен 32 редким металлам. Следующий пятый том осветит вопросы производства малых, благородных, радиоактивных и трансурановых металлов. Книга предназначена для широких кругов научных, инженерно-технических и производственных работников — металлургов, химиков, технологов, обогатителей, геологов и других специалистов, деятельность которых связана с переработкой минерального сырья. Весьма полезна студентам высших и средних специальных учебных заведений тех же профессий.
Iaith:Rwseg
Cyhoeddwyd: 1967
Pynciau:
Fformat: Llyfr
KOHA link:https://koha.lib.tpu.ru/cgi-bin/koha/opac-detail.pl?biblionumber=191372

MARC

LEADER 00000nam2a2200000 4500
001 191372
005 20231031180709.0
035 |a (RuTPU)RU\TPU\book\208672 
035 |a RU\TPU\book\192990 
090 |a 191372 
100 |a 20110204d1967 k y0rusy50 ca 
101 0 |a rus 
102 |a RU 
105 |a a z 001zy 
200 0 |a Т. 4: Редкие металлы  |f отв. ред. Н. С. Грейвер и др. 
210 |d 1967 
215 |a 651 с.  |c ил. 
320 |a Библиография в конце глав. 
330 |a В монографии изложены теория и практика производства всех элементов периодической системы, за исключением газов и галоидов. Настоящий четвертый том посвящен 32 редким металлам. Следующий пятый том осветит вопросы производства малых, благородных, радиоактивных и трансурановых металлов. Книга предназначена для широких кругов научных, инженерно-технических и производственных работников — металлургов, химиков, технологов, обогатителей, геологов и других специалистов, деятельность которых связана с переработкой минерального сырья. Весьма полезна студентам высших и средних специальных учебных заведений тех же профессий. 
461 1 |0 (RuTPU)RU\TPU\book\208664  |t Основы металлургии  |o в 4 т.  |f ред. коллегия Ю. А. Быховский и др.  |v Т. 4: Редкие металлы  |d 1961-1975 
610 1 |a металлургия 
610 1 |a редкие металлы 
675 |a 621.7м  |v 3 
675 |a 621.7м2/8  |v 3 
702 1 |a Грейвер  |b Н. С.  |4 340 
702 1 |a Сажин  |b Н. П.  |4 340 
702 1 |a Стригин  |b И. А.  |4 340 
801 1 |a RU  |b 63413507  |c 20100331 
801 2 |a RU  |b 63413507  |c 20160526  |g RCR 
942 |c BK